| 000 | 00000nam##2200000za#4500 |
| 001 | 9.572298 |
| 003 | CaOODSP |
| 005 | 20210624183141 |
| 007 | cr ||||||||||| |
| 008 | 150406|2001||||xxc|||||o f|0| 0 eng|d |
| 040 | |aCaOODSP|beng |
| 043 | |an-cn--- |
| 086 | 1 |aNH18-22/101-133E-PDF |
| 110 | 2 |aCanada Mortgage and Housing Corporation. |
| 245 | 10|aLower cost alternative for municipal sewer inspection and maintenance |h[electronic resource] |
| 260 | |aOttawa - Ontario : |bCanada Mortgage and Housing Corporation |c[2001]. |
| 300 | |a4p.|bfig., table |
| 490 | 1 |aResearch highlight. Technical series |v01-133 |
| 590 | |a11-29-Supp|b2011-11-25 |
| 690 | 07|aWaste management|2gcpds |
| 690 | 07|aWater management|2gcpds |
| 690 | 07|aUrban communities|2gcpds |
| 775 | 08|tSolution de rechange économique pour l'entretien et l'inspection des égouts municipaux |w(CaOODSP)9.602676 |
| 776 | 0#|tLower cost alternative for municipal sewer inspection and maintenance |w(CaOODSP)9.615855 |
| 830 | #0|aResearch highlight. Technical series ;|v01-133|w(CaOODSP)9.504482 |
| 856 | 40|ahttp://publications.gc.ca|qPDF|s120 KB|uhttps://publications.gc.ca/collections/Collection/NH18-22-101-133E.pdf|y01-133 |